000 00964nam a2200229Ia 4500
003 OSt
005 20200814154815.0
008 191128s1982 ck gr 000 0 spa d
020 _a8482722026
040 _aCO-JMCR
_cCO-JMCR
041 0 _aspa
082 0 4 _a344.861024 /
_bR412s
_223
100 1 _aRengifo Ordóñez, Jesús María,
_eautor
_98800
245 1 3 _aLa seguridad social en Colombia :
_blegislación colombiana de seguros sociales /
_cJesús María Rengifo Ordóñez
250 _aSegunda edición
260 _aBogotá :
_bTemis,
_c1982
300 _axxii, 579 páginas ;
_c23 cm.
505 0 _aTeoría general y régimen legal colombiano: Proceso sociológico -- Proceso histórico -- Conceptos generales -- Campo de aplicación -- Régimen económico y financiero -- Gestión administrativa -- Las presentaciones
650 1 4 _aSeguridad social
_xlegislación
_zColombia
_97810
650 1 4 _aLegislación social
_zColombia
_98801
942 _2ddc
_cBK
999 _c4441
_d4441